Mermelada de mora [videograbación] / (Registro nro. 31628)
[ vista simple ]
| 000 -CABECERA | |
|---|---|
| Longitud fija campo de control | 00868nam a2200241 a 4500 |
| 003 - • IDENTIFICADOR DELl NÚMERO DE CONTROL | |
| Identificador del número de control | CO-ViMGA |
| 008 - • CÓDIGOS DE INFORMACIÓN DE LONGITUD FIJA | |
| Códigos de información de longitud fija | 141112s2004 ck r 000 u spa d |
| 040 ## - FUENTE DE LA CATALOGACIÓN | |
| Centro catalogador de origen | CO-ViMGA |
| Lengua de catalogación | spa |
| Centro transcriptor | CO-ViMGA |
| 082 04 - • NÚMERO DE LA CLASIFICACIÓN DECIMAL DEWEY | |
| Número de clasificación (R) | Av641.852 H64m |
| 110 ## - • PUNTO DE ACCESO PRINCIPAL-NOMBRE DE ENTIDAD CORPORATIVA | |
| Nombre de entidad corporativa o nombre de jurisdicción como elemento inicial | Hogares Juveniles Campesinos |
| 245 10 - • TITULO PROPIAMENTE DICHO | |
| Título | Mermelada de mora [videograbación] / |
| Mención de responsabilidad, etc. | Hogares Juveniles Campesinos |
| 300 ## - • DESCRIPCIÓN FÍSICA | |
| Extensión | 1 DVD ; 4 3/4 plg. |
| 490 ## - • MENCIÓN DE SERIE | |
| Mención de serie | Videoteca del campo. Granja integral autosuficiente ; no. 52 |
| 598 ## - | |
| -- | NEW - GRAL, NEW |
| 650 14 - • PUNTO DE ACCESO ADICIONAL DE MATERIA - TÉRMINO DE MATERIA | |
| Término de materia o nombre geográfico como elemento inicial | Conservacion de alimentos - Tecnicas |
| 650 14 - • PUNTO DE ACCESO ADICIONAL DE MATERIA - TÉRMINO DE MATERIA | |
| Término de materia o nombre geográfico como elemento inicial | Mermelada de mora - Videograbaciones |
| 917 ## - | |
| -- | 2009 - 5959 1 ejemplar |
| 942 ## - ENTRADA DE ELEMENTOS AGREGADOS (KOHA) | |
| Fuente de clasificaión o esquema | Dewey Decimal Classification |
| Koha [por defecto] tipo de item | LIbro |
| 990 ## - EQUIVALENCIA O SECCIÓN-REFERENCIA [LOCAL, CANADA] | |
| Enlace de información para campos 9XX | 2009 - 5959 Hogares Juveniles Campesinos 1 ejemplar 12 03092009 a676526 |
| Perdido | Fuente de clasificación o esquema | Estado Físico | No para préstamo | Forma de adquisición | Localización permanente | Localización actual | Fecha adquisición | Serie de enumeración / cronolog&íacute;a | Préstamos totales | Signatura completa | Código de barras | Fecha última consulta | Número de copia | Fecha del precio de reemplazo | Tipo de item de Koha |
|---|---|---|---|---|---|---|---|---|---|---|---|---|---|---|---|
| Dewey Decimal Classification | Sala de Música Segundo Piso | Biblioteca Pública Germán Arciniegas - Villavicencio | Biblioteca Pública Germán Arciniegas - Villavicencio | 12/04/2015 | 01/feb/2011 | Av641.852 H64m | 23951 | 12/04/2015 | Ej. 1 | 12/04/2015 | LIbro |